Statistics for Asian Cities by Clue

Click here to take the quiz!

General Stats

  • This quiz has been taken 13,774 times
    (13,589 since last reset)
  • The average score is 14 of 20

Answer Stats

Clue City % Correct
Imperial Palace, Edo, SkytreeTokyo
89%
Forbidden City, Bird's Nest,
Tiananmen Square
Beijing
89%
Burj Khalifa, Palm Islands, Persian GulfDubai
89%
Gyeongbokgung Palace,
Samsung, Gangnam
Seoul
87%
Bollywood, Marathi, DharaviMumbai
84%
Hagia Sophia, Golden Horn, ByzantineIstanbul
79%
Hajj, Clock Tower, Grand MosqueMecca
78%
Krung Thep, Suvamabhumi, Hangover 2Bangkok
74%
Petronas Twin Towers, Batu Caves,
Thean Hou Temple
Kuala Lumpur
74%
Victoria Harbour, Kowloon, 1997 HandoverHong Kong
73%
Dome of the Rock, Western WallJerusalem
71%
Tigris, Babylon, Sadr CityBaghdad
70%
Pudong, Century Park, Wu LanguageShanghai
67%
Black Hole, Mother Theresa, BengalKolkata
65%
Venetian Casino, A-Ma Temple,
Formerly Portuguese
Macau
63%
Taj Mahal, Fatehpur Sikri, AgrevanaAgra
63%
Lion City, Caning, 2nd Busiest PortSingapore
61%
Persian Gulf, 2022 World Cup, The PearlDoha
60%
Beer, Hokkaido, 1972 Winter OlympicsSapporo
51%
Lotus Temple, Humayun's Tomb, Red FortDelhi
37%

Score Distribution

Percentile by Number Answered

Percent of People with Each Score

Your Score History

You have not taken this quiz since the last reset